|
|
|
|
| LEADER |
00000nam a2200000Ii 4500 |
| 001 |
DIGEPUJ0368 |
| 003 |
NyNyDIG |
| 006 |
m o d |
| 007 |
cr ||||||||||| |
| 008 |
230214s2020 ck ob 000 0 spa d |
| 035 |
|
|
|a (OCoLC)1371186192
|
| 040 |
|
|
|a DGITA
|b eng
|e rda
|e pn
|c DGITA
|
| 020 |
|
|
|a 9789585177369
|q eBook
|
| 020 |
|
|
|z 9789585177352
|
| 050 |
1 |
4 |
|a HM621 ebook
|
| 100 |
1 |
|
|a Sánchez-Borrero, Ana Milena,
|e author.
|
| 245 |
1 |
0 |
|a Reflexiones y acercamientos a los modos de ver :
|b construcciones desde la historia cultural /
|c Ana Milena Sánchez-Borrero ; compilador, Freddy Moreno-Gómez.
|
| 264 |
|
1 |
|a Santiago de Cali :
|b Pontificia Universidad Javeriana,
|c 2020.
|
| 300 |
|
|
|a 1 online resource.
|
| 336 |
|
|
|a text
|b txt
|2 rdacontent
|
| 337 |
|
|
|a computer
|b c
|2 rdamedia
|
| 338 |
|
|
|a online resource
|b cr
|2 rdacarrier
|
| 347 |
|
|
|a text file
|2 rdaft
|
| 347 |
|
|
|b EPUB
|
| 504 |
|
|
|a Includes bibliographical references.
|
| 588 |
0 |
|
|a Online resource; title from ePub title page (Digitalia, viewed February 14, 2023)
|
| 650 |
|
0 |
|a Visual perception
|x Social aspects.
|
| 650 |
|
0 |
|a Culture.
|
| 650 |
|
0 |
|a Subjectivity in art.
|
| 650 |
|
0 |
|a Art and society.
|
| 700 |
1 |
|
|a Moreno-Gómez, Freddy,
|e editor,
|e author.
|
| 791 |
2 |
|
|a Digitalia (Firm),
|e distributor.
|
| 793 |
0 |
|
|g Digitalia eBook Collection:
|a Pontificia Universidad Javeriana
|
| 776 |
0 |
8 |
|i Print version:
|a Sánchez-Borrero, Ana Milena.
|t Reflexiones y acercamientos a los modos de ver.
|d Santigo de Cali : Pontificia Universidad Javeriana, 2020.
|z 9789585177352
|
| 856 |
4 |
0 |
|3 Digitalia Hispánica
|u https://www.digitaliapublishing.com/a/119148/
|
| 910 |
|
|
|a Premium collection: 2023
|